Statistiken für U-19-Fußball-Europameister

Klicken Sie hier um das Quiz zu spielen!

Allgemein

  • Dieses Quiz wurde 277 mal gespielt
    (223 seit der letzten Aktualisierung)
  • Das Durchschnittsergebnis liegt bei 31 aus 35

Antwortstatistiken

JahrEuropameister% Korrekt
1981BR Deutschland
100%
2014Deutschland
100%
2008Deutschland
100%
2004Spanien
98%
2015Spanien
98%
2012Spanien
98%
2011Spanien
98%
2007Spanien
98%
2006Spanien
98%
2002Spanien
98%
1995Spanien
98%
2019Spanien
98%
1993England
96%
2017England
96%
1997Frankreich
96%
2000Frankreich
96%
2005Frankreich
96%
1996Frankreich
96%
2016Frankreich
96%
2010Frankreich
96%
1983Frankreich
96%
2003Italien
96%
1999Portugal
90%
2018Portugal
90%
1994Portugal
90%
2001Polen
84%
2013Serbien
72%
1992Türkei
70%
1990Sowjetunion
69%
1988Sowjetunion
69%
1984Ungarn
69%
2009Ukraine
66%
1998Irland
60%
1982Schottland
49%
1986Deutsche DR
41%

Verteilung der Resultate

Perzentil nach korrekt beantworteten Fragen

Anzahl Personen mit jedem Resultat

Ihre Resultats-Entwicklung

Sie haben dieses Quiz seit der letzten Aktualisierung nicht gespielt